| 000 | 00744nam a2200181 a 4500 | ||
|---|---|---|---|
| 008 | 171017s2006 ||||||||||||||||| || u | ||
| 020 | _a9780199204663 | ||
| 110 | _aWorld Bank | ||
| 245 | 1 | 0 |
_aResearch observer _cby World Bank |
| 260 |
_aOxford: _bOxford University Press _c2006 |
||
| 300 | _a150p.: ill. | ||
| 500 | _aIncludes references | ||
| 650 | _aDEVELOPING COUNTRIES | ||
| 650 | 0 | _aECONOMIC HISTORY | |
| 650 | 0 | _aECONOMIC DEVELOPMENT | |
| 995 |
_aSPECIAL COLLECTIONS _e3422 _FCBU-MAIN LIBRARY (Kitwe) _jIBRD(05)RO/2007/21/1A _UAVAILABLE _WOct 17, 2017 _yB3422 _ZAnnex Low-Usage Collection |
||
| 995 |
_aSPECIAL COLLECTIONS _e3423 _FCBU-MAIN LIBRARY (Kitwe) _jIBRD(05)RO/2007/21/1B _UAVAILABLE _WOct 17, 2017 _yB3423 _ZAnnex Low-Usage Collection |
||
| 999 |
_c80167 _d80167 |
||